LEADER 00472naa a2200145 i 4500 001 000000303062 003 CaOOAMICUS 005 20180831172753.0 008 180831n xx u000 u und u 013 $a10797 040 $aSeMil$bita 100 1 $aTomasi, Silvio.$0(OLS)http://semarc/name/86971 245 14$a«Il Bertoni legislatore». 773 0 $t«Symposium Bertonianum».$dVerona : Stimmgraf, 1990.$w()36928 996 $6245$a«Il Bertoni legislatore»$9(OLS)http://semarc/title/379022 LEADER 01111nam a2200205 i 4500 001 000000014381 003 CaOOAMICUS 005 20180830125442.0 008 180830s1884 it u000 u ita u 040 $aSeMil$bita 245 10$aOfficia propria sanctorum ex Apostolicae Sedis indulto ab universo clero civitatis et Dioecesis laudensis per annum recitanda et alia quae in pluribus Breviarii romani .. 260 $aLaude Pompeia :$bQuirico, Camagni et Marazzi,$c1884. 300 $a2 v. ;$c21 cm. 650 4$aLibri liturgici - Messale romano - Proprio dei Santi.$0(OLS)http://semarc/subject/1817 650 4$aLodi (Diocesi) - Liturgia.$0(OLS)http://semarc/subject/2375 710 2 $aDiocesi di Lodi.$0(OLS)http://semarc/name/6755 774 0 $tPars 1.$g1$w()40544 774 0 $tPars 2.$g2$w()248552 996 $6245$aOfficia propria sanctorum ex Apostolicae Sedis indulto ab universo clero civitatis et Dioecesis laudensis per annum recitanda et alia quae in pluribus Breviarii romani ..$9(OLS)http://semarc/title/19075 996 $6260$aLaude Pompeia :$bQuirico, Camagni et Marazzi$9(OLS)http://semarc/publisher/33887